| 000 | 01321cam a2200301 a 4500 | ||
|---|---|---|---|
| 001 | 489 | ||
| 005 | 20250407110630.0 | ||
| 020 |
_a0805032614 (acidfree paper) : _c$14.95 FPT ($20.95 Can.) |
||
| 020 | _a9780805046458 | ||
| 040 |
_aDLC _cDLC _dDLC _beng |
||
| 050 | 0 | 0 |
_aGN776.22.I8 _bG47 1994 |
| 082 | 0 | 0 |
_a937/.3 _220 |
| 100 | 1 | _aGetz, David. | |
| 245 | 1 | 0 |
_aFrozen man / _cDavid Getz ; illustrated by Peter McCarty. |
| 250 | _a1st ed. | ||
| 260 |
_aNew York : _bH. Holt and Co., _c1994. |
||
| 300 |
_a68 pages : _bcolor illustrations maps ; _c20 cm. |
||
| 490 | 1 | _aA Redfeather book | |
| 505 | _aQ | ||
| 520 | _aWhen an archaeologist examines a body found frozen in the Austrian Alps, he learns something extraordinary. The well-preserved body-- and the tools and clothing found at the site-- indicates that the man diedmore than 5,000 years ago. * ALA Recommended Book for Reluctant Readers *Hungry Mind Review Children's Book of Distinction * NSTA-CBC Outstanding Science Trade Book for Children | ||
| 521 |
_a860
_bLexile |
||
| 521 |
_aQ
_bRaz-Plus |
||
| 650 | 0 | _aOtzi (Ice mummy) | |
| 650 | 0 |
_aCopper age _zItaly _zHauslabjoch Pass _xJuvenile literature. |
|
| 650 | 0 |
_aIce mummies _zItaly _zHauslabjoch Pass _xJuvenile literature. |
|
| 906 |
_a7 _bcbc _corignew _d1 _eocip _f19 _gy-gencatlg |
||
| 942 |
_2ddc _cBK _n0 |
||
| 999 |
_c489 _d489 |
||